[Event "Niederbayernliga 0607"]
[Site "Germany"]
[Date "2007.??.??"]
[Round "8.5"]
[White "Grum, Theodor"]
[Black "Waechter, Wolfgang"]
[Result "1-0"]
[WhiteElo "1697"]
[BlackElo "1716"]
[PlyCount "113"]
[EventDate "2006.??.??"]
[EventType "team"]
[EventRounds "9"]
[EventCountry "GER"]
[SourceTitle "EXT 2008"]
[Source "ChessBase"]
[SourceDate "2007.11.25"]
[SourceVersion "1"]
[SourceVersionDate "2007.11.25"]
[SourceQuality "1"]
[WhiteTeam "Grafenau"]
[BlackTeam "Kauflanden"]
[WhiteTeamCountry "GER"]
[BlackTeamCountry "GER"]

1. f4 d5 2. Nf3 Nf6 3. e3 e6 4. b3 c5 5. Bb2 Nc6 6. Bb5 a6 7. Bxc6+ bxc6 8. 0-0 Be7 9. d3 0-0 10. Nbd2 a5 11. Qe1 Ne8 12. Ne5 Bb7 13. e4 a4 14. Qe2 a3 15. Bc1 dxe4 16. Nxe4 Nf6 17. Be3 Nxe4 18. dxe4 f6 19. Rad1 Qe8 20. Nd7 Rf7 21. Nxc5 Bxc5 22. Bxc5 h6 23. Rd3 Rd7 24. Rfd1 Rxd3 25. Qxd3 e5 26. f5 Kh7 27. Qd7 Qh5 28. Rd2 Qg5 29. Qd3 Ra5 30. Bf8 c5 31. Re2 c4 32. Qd2 Qxd2 33. Rxd2 cxb3 34. cxb3 Bxe4 35. Rd7 Kg8 36. Bxg7 Rd5 37. Rxd5 Bxd5 38. Bxf6 e4 39. Be7 Kf7 40. Bxa3 Kf6 41. g4 Kg5 42. h3 h5 43. Be7+ Kf4 44. gxh5 Kxf5 45. h6 Bg8 46. Kf2 Kg6 47. Bf8 Bd5 48. Ke3 Kh7 49. Kd4 Bc6 50. b4 Kg8 51. Bg7 Kh7 52. a4 Bxa4 53. Kxe4 Bc2+ 54. Kd5 Kg8 55. b5 Bd3 56. b6 Bf1 57. Kd6 1-0

[Event "Niederbayernliga 0607"]
[Site "Germany"]
[Date "2007.??.??"]
[Round "6.5"]
[White "Waechter, Wolfgang"]
[Black "Gehann, Paul"]
[Result "1/2-1/2"]
[WhiteElo "1716"]
[BlackElo "1810"]
[PlyCount "112"]
[EventDate "2006.??.??"]
[EventType "team"]
[EventRounds "9"]
[EventCountry "GER"]
[SourceTitle "EXT 2008"]
[Source "ChessBase"]
[SourceDate "2007.11.25"]
[SourceVersion "1"]
[SourceVersionDate "2007.11.25"]
[SourceQuality "1"]
[WhiteTeam "Kauflanden"]
[BlackTeam "Ergolding"]
[WhiteTeamCountry "GER"]
[BlackTeamCountry "GER"]

1. e4 c5 2. Nf3 Nc6 3. Bb5 g6 4. 0-0 Bg7 5. Re1 e5 6. c3 Nge7 7. Ba4 0-0 8. d3 d6 9. Nbd2 a6 10. Nf1 h6 11. Be3 Bg4 12. h3 Bxf3 13. Qxf3 b5 14. Bb3 Na5 15. Bc2 Nac6 16. Qe2 Kh7 17. Rad1 Qa5 18. Bb1 b4 19. Bd2 bxc3 20. bxc3 Qc7 21. f4 exf4 22. Bxf4 Bxc3 23. Nd2 Nd4 24. Qg4 Ne6 25. Bg3 Nc6 26. Rf1 h5 27. Qh4 Be5 28. Bxe5 Nxe5 29. g4 Qd8 30. Rf6 Nd7 31. e5 dxe5 32. Rdf1 Nxf6 33. Rxf6 Kg7 34. gxh5 Qd4+ 35. Qxd4 exd4 36. Ne4 gxh5 37. Bc2 Rab8 38. Rf5 Kg6 39. Rf6+ Kh7 40. Bb3 a5 41. Kf2 a4 42. Bc4 a3 43. Rf5 Kg6 44. Rf6+ Kg7 45. Rf5 Rbc8 46. Kg3 Kg6 47. Rf6+ Kg7 48. Rf5 Rh8 49. Kh4 Kg6 50. Rf6+ Kg7 51. Rf5 Rb8 52. Nd6 Rbf8 53. Rf3 Kg6 54. Ne4 f5 55. Nd6 Rf6 56. Rg3+ Kh7 1/2-1/2

[Event "Bad Griesbach Seniors op 4th"]
[Site "Bad Griesbach"]
[Date "2002.02.07"]
[Round "2"]
[White "Gmeinwieser, Helmut"]
[Black "Waechter, Wolfgang"]
[Result "1/2-1/2"]
[WhiteElo "1628"]
[BlackElo "1824"]
[PlyCount "88"]
[EventDate "2002.01.06"]
[EventType "swiss"]
[EventRounds "7"]
[EventCountry "GER"]
[SourceTitle "EXT 2006"]
[Source "ChessBase"]
[SourceDate "2005.11.24"]
[SourceVersion "1"]
[SourceVersionDate "2005.11.24"]
[SourceQuality "1"]

1. e4 c5 2. f4 e6 3. Nf3 d5 4. exd5 exd5 5. Bb5+ Bd7 6. Qe2+ Be7 7. 0-0 a6 8. Bxd7+ Qxd7 9. Re1 Nc6 10. Ne5 Nd4 11. Nxd7 Nxe2+ 12. Rxe2 Kxd7 13. d3 Nf6 14. Nc3 Bd6 15. Bd2 Rhe8 16. Rae1 Rxe2 17. Rxe2 Kc6 18. g3 b5 19. b3 b4 20. Nb1 d4 21. a4 Nd5 22. Kf2 h6 23. Kf3 g6 24. h3 Nf6 25. Be1 Nd5 26. Bd2 Ra7 27. Re1 Re7 28. Re4 f5 29. Rxe7 Bxe7 30. Bc1 Bf6 31. Bd2 Nc7 32. Bc1 Nd5 33. Bd2 Kd6 34. Bc1 Ke6 35. Bd2 Bg7 36. h4 Nf6 37. Bc1 Ng4 38. Bd2 Nh2+ 39. Kg2 Ng4 40. Kf3 Kd5 41. Bc1 Ke6 42. Bd2 Nf6 43. Bc1 Nd5 44. Bd2 Bf6 1/2-1/2

[Event "Bad Griesbach Seniors op 4th"]
[Site "Bad Griesbach"]
[Date "2002.01.10"]
[Round "5"]
[White "Waechter, Wolfgang"]
[Black "Schweitzer, Paul"]
[Result "1-0"]
[WhiteElo "1824"]
[BlackElo "1714"]
[PlyCount "111"]
[EventDate "2002.01.06"]
[EventType "swiss"]
[EventRounds "7"]
[EventCountry "GER"]
[SourceTitle "EXT 2006"]
[Source "ChessBase"]
[SourceDate "2005.11.24"]
[SourceVersion "1"]
[SourceVersionDate "2005.11.24"]
[SourceQuality "1"]

1. e4 c5 2. Nf3 d6 3. d4 cxd4 4. Nxd4 Nf6 5. Nc3 a6 6. Be2 e5 7. Nb3 Be6 8. 0-0 Be7 9. Kh1 h5 10. f4 Bg4 11. Be3 Nbd7 12. Nd2 b5 13. a3 Rc8 14. Nf3 exf4 15. Bxf4 Bxf3 16. Bxf3 Qb6 17. Nd5 Nxd5 18. exd5 g5 19. Bg3 g4 20. Be4 Rc4 21. Bd3 Rc8 22. Qe2 h4 23. Bf2 Qb7 24. Bd4 Rg8 25. Rxf7 Ne5 26. Bxe5 Kxf7 27. Rf1+ Ke8 28. Bxd6 h3 29. Qe6 hxg2+ 30. Kxg2 Rg7 31. Be5 Rg5 32. Be4 Rc4 33. Bf6 Rxe4 34. Qxe4 Qxd5 35. Qxd5 Rxd5 36. Re1 Rd2+ 37. Kg3 Kf7 38. Bxe7 Rxc2 39. Bd6 Rxb2 40. Kxg4 a5 41. h4 b4 42. axb4 axb4 43. Be5 Ra2 44. Rb1 Rg2+ 45. Bg3 Kg6 46. Rxb4 Rc2 47. Rb6+ Kh7 48. Rf6 Rc4+ 49. Kg5 Rc5+ 50. Rf5 Rc6 51. Rf7+ Kg8 52. Rd7 Rc1 53. Kg6 Rc6+ 54. Bd6 Rc8 55. Bc7 Kh8 56. Rd8+ 1-0

[Event "Bad Griesbach Seniors op 4th"]
[Site "Bad Griesbach"]
[Date "2002.01.08"]
[Round "3"]
[White "Waechter, Wolfgang"]
[Black "Reisinger, Georg"]
[Result "0-1"]
[WhiteElo "1824"]
[BlackElo "1767"]
[PlyCount "74"]
[EventDate "2002.01.06"]
[EventType "swiss"]
[EventRounds "7"]
[EventCountry "GER"]
[SourceTitle "EXT 2006"]
[Source "ChessBase"]
[SourceDate "2005.11.24"]
[SourceVersion "1"]
[SourceVersionDate "2005.11.24"]
[SourceQuality "1"]

1. e4 c5 2. Nf3 d6 3. d4 cxd4 4. Nxd4 Nf6 5. Nc3 a6 6. Be2 e6 7. 0-0 Be7 8. Kh1 0-0 9. f4 Qc7 10. Be3 Nbd7 11. Bf3 Rb8 12. g4 Nb6 13. g5 Nfd7 14. f5 Nc4 15. Bc1 Nde5 16. f6 Bd8 17. fxg7 Kxg7 18. Bg2 b5 19. Qh5 Ng6 20. Qh6+ Kh8 21. Bh3 Be7 22. Nf5 Rg8 23. Ng3 Bf8 24. Qh5 Bb7 25. Bg2 Nce5 26. Qe2 Rc8 27. Nh5 Be7 28. Nf6 Bxf6 29. gxf6 Nf8 30. Bh6 Rg6 31. Bg7+ Kg8 32. Bf3 Nxf3 33. Rxf3 b4 34. Bxf8 Kxf8 35. Rh3 Rxf6 36. Rxh7 bxc3 37. Rg1 Rf4 0-1

[Event "Bad Griesbach Seniors op 3rd"]
[Site "Bad Griesbach"]
[Date "2000.11.22"]
[Round "4"]
[White "Klimpel, Siegfried"]
[Black "Waechter, Wolfgang"]
[Result "0-1"]
[WhiteElo "1541"]
[BlackElo "1828"]
[PlyCount "81"]
[EventDate "2000.11.19"]
[EventType "swiss"]
[EventRounds "7"]
[EventCountry "GER"]
[SourceTitle "EXT 2006"]
[Source "ChessBase"]
[SourceDate "2005.11.24"]
[SourceVersion "1"]
[SourceVersionDate "2005.11.24"]
[SourceQuality "1"]

1. e4 c5 2. d4 cxd4 3. c3 dxc3 4. Nxc3 Nc6 5. Nf3 d6 6. Bc4 h6 7. Be3 Nf6 8. e5 Ng4 9. Qb3 Ngxe5 10. Nxe5 Nxe5 11. Bd5 e6 12. Bxb7 Rb8 13. Qa4+ Qd7 14. Bxc8 Qxa4 15. Nxa4 Rxc8 16. 0-0 Be7 17. b3 Nc6 18. f4 0-0 19. Rf3 Bf6 20. Rd1 Rfd8 21. Rg3 Kh7 22. Bf2 Bh4 23. Rgd3 Bxf2+ 24. Kxf2 d5 25. a3 Na5 26. Ke2 Rc2+ 27. R1d2 Rdc8 28. b4 Rxd2+ 29. Kxd2 Nc4+ 30. Ke1 Kg6 31. Nc5 Kf6 32. a4 a5 33. Na6 axb4 34. Nxb4 Ra8 35. g4 Rxa4 36. Nc6 Ra1+ 37. Kf2 Ra2+ 38. Kg1 Ra3 39. Rd4 Ra1+ 40. Kf2 Ra2+ 41. Kg1 0-1